LIBRARY & INFORMATION CENTRE, KCAET, TAVANUR

ONLINE PUBLIC ACCESS CATALOGUE (OPAC)

Normal view MARC view
  • SOOJIN JUN, Edi,

Entry Personal Name

Number of records used in: 1

001 - CONTROL NUMBER

  • control field: 2187

003 - CONTROL NUMBER IDENTIFIER

  • control field: OSt

005 - DATE AND TIME OF LATEST TRANSACTION

  • control field: 20171122143945.0

008 - FIXED-LENGTH DATA ELEMENTS

  • fixed length control field: 171122|| aca||aabn | a|a d

040 ## - CATALOGING SOURCE

  • Original cataloging agency: OSt
  • Transcribing agency: OSt

100 ## - HEADING--PERSONAL NAME

  • Personal name: SOOJIN JUN, Edi,

670 ## - SOURCE DATA FOUND

  • Source citation: Work cat.: (OSt): SOOJIN JUN, Edi, JOSEPH M. IRUDAYARAJ, Food processing operations modeling: Design and analysis, 2017
free website counter